000 01216nam a22002537a 4500
999 _c14633
_d14633
003 EG-ScBUE
005 20191225130236.0
008 100808n au f b 000 0 ara d
040 _aEG-ScBUE
_bara
_erda
_cEG-ScBUE
_dEG-ScBUE
041 1 _aara
_hger
082 0 4 _a492.1
_bن و ل
_222
100 1 _917163
_aنولدكه، ثيودور،
_d1836-1930،
_eمؤلف.
245 1 2 _aاللغات السامية /
_cتخطيط عام المستشرق الألماني الكبير نيودور نولدكه ؛ ترجمه عن الألمانية دكتور رمضان عبد التواب، مدرس بكلية آداب عين شمس.
264 1 _a[القاهرة] :
_bمكتبة دار النهضة العربية،
_c[تاريخ النشر غير محدد]
300 _a111 صفحة ؛
_c25 سم
336 _2rdacontent
_aنص
_btxt
337 _2rdamedia
_aبدون وسيط
_bn
338 _2rdacarrier
_aمجلد
_bnc
504 _aيشتمل على إرجاعات ببليوجرافية.
546 _aالنص مترجم من اللغة الألمانية.
650 7 _aاللغات السامية.
_2BUEsh
_917166
700 1 _915985
_aعبد التواب، رمضان،‏
_d1930-
_eمترجم.
942 _2ddc
_cBB